[Event "Manhem Chess Week-GM 2019"]
[Site "Moelnlycke"]
[Date "2019.08.11"]
[Round "2.4"]
[White "Hector, Jonny"]
[Black "Haubro, Martin"]
[Result "1-0"]
[WhiteElo "2487"]
[BlackElo "2356"]
[Annotator "TA"]
[PlyCount "79"]
[EventDate "2019.08.10"]
[EventType "tourn"]
[EventCountry "SWE"]
[SourceTitle "playchess.com"]
[Source "ChessBase"]
[SourceQuality "1"]

{[%evp 24,79,62,0,37,33,50,33,40,-35,-26,-18,-10,-10,-13,-34,-46,-43,-9,-52,70,74,71,53,61,52,51,52,199,199,179,186,202,112,271,266,269,202,271,143,157,138,193,194,431,415,414,226,437,414,639,635,640,642,743,733,4786,3100]} 1. e4 c5 2. Nf3 d6 3. d4 cxd4 4. Nxd4 Nf6 5. Nc3 Nc6 6. Bg5 e6 7. Qd2 a6 8. O-O-O Bd7 9. f4 Be7 10. Nf3 b5 11. Bxf6 gxf6 12. Kb1 Qb6 13. Bd3 ({White should try} 13. f5 $14) 13... O-O-O {B69: Sicilian: Richter-Rauzer: 7...a6 8 0-0-0 Bd7 9 f4 Be7 10 Nf3 b5 11 Bxf6} (13... b4 $5 {[%cal Rb4c3]} 14. Na4 Qa7 $14) 14. Rhe1 Kb7 (14... Na5 15. f5 Kb8 16. fxe6 fxe6 17. Ne2 Nc6 18. Nf4 Ne5 19. Bf1 Ng6 20. g3 Nxf4 21. gxf4 {1-0 (51) Inarkiev,E (2692)-Nihal,S (2578) Sharjah 2019}) 15. g4 $146 ({Predecessor:} 15. Nd5 exd5 16. exd5 Ne5 17. fxe5 fxe5 18. Qh6 f5 19. Qg7 Rde8 20. Nxe5 dxe5 21. d6 Rhg8 22. Qxh7 Rh8 23. Qg7 Rhg8 24. Qf7 Rgf8 25. Qg7 Rg8 26. Qf7 Rgf8 27. Qg7 {½-½ (27) Bashirli,N (2333)-Arjun,K (2445) Budapest 2019}) 15... Rc8 {White is slightly better.} 16. Nd5 (16. h4 $14) 16... exd5 $15 {[%mdl 64] Discovered Attack} 17. exd5 Ne5 $1 {[%cal Re5f3]} 18. fxe5 fxe5 19. Bf5 Bxf5 20. gxf5 Rc4 21. Qg2 f6 (21... Rhc8 $15 22. Re2 Bd8) 22. Nd2 $36 {[%mdl 2048] White has strong initiative.} Rh4 23. Qg3 Rh5 24. Ne4 {aiming for Qg7.} Rc8 25. Rf1 Qd8 (25... Qc7 $1 $14 26. c3 Qc4) 26. h4 $1 $18 Qg8 {next ...Qxg3 is good for Black.} 27. Qh3 $1 Rc4 28. Rg1 $1 {[%cal Rg1g8]} Qf7 $2 {[#]} (28... Qc8 $16 29. Qe3 Rxh4) 29. Qg4 $1 Rh6 30. b3 Rc7 {[#]} 31. Ng3 ({White should play} 31. c4 $1 $18 {[%mdl 512]}) 31... Rc8 32. a4 {[%cal Ba2a4,Ba4b5,Bb5a6][%mdl 32]} Bd8 (32... Bf8 $16 {was called for.}) 33. axb5 Bb6 $2 (33... axb5 34. Ne4 Qc7) 34. bxa6+ Ka8 35. Rg2 (35. Ne4 $142 Qc7 36. Rg2) 35... Qc7 $2 (35... Rg8 36. Qa4 Qc7) 36. Ne4 Bd4 (36... Rb8 $142 37. Ng5 Qg7) 37. Qg7 {White is clearly winning.} Qxg7 38. Rxg7 Rxh4 39. Nxd6 Rc5 40. Nc4 {Accuracy: White = 86%, Black = 15%.} 1-0

[Event "Manhem Chess Week-GM 2019"]
[Site "Moelnlycke"]
[Date "2019.08.11"]
[Round "2.5"]
[White "Golubka, Petro"]
[Black "Ahlander, Bjorn"]
[Result "1/2-1/2"]
[WhiteElo "2483"]
[BlackElo "2391"]
[Annotator "ChessBase"]
[PlyCount "43"]
[EventDate "2019.08.10"]
[EventType "tourn"]
[EventCountry "SWE"]
[SourceTitle "playchess.com"]
[Source "ChessBase"]
[SourceQuality "1"]
[TimeControl "40/5400+30:1800+30"]

1. d4 {[%emt 0:00:00]} Nf6 {[%emt 0:00:00]} 2. c4 {[%emt 0:00:00]} e6 {[%emt 0:00:00]} 3. Nc3 {[%emt 0:00:33]} Bb4 {[%emt 0:01:03]} 4. Bd2 {[%emt 0:03:06]} d5 {[%emt 0:00:54]} 5. e3 {[%emt 0:01:43]} O-O {[%emt 0:00:42]} 6. Nf3 {[%emt 0:00:11]} c5 {[%emt 0:03:05]} 7. a3 {[%emt 0:08:00]} Bxc3 {[%emt 0:00:30]} 8. Bxc3 {[%emt 0:03:17]} Ne4 {[%emt 0:08:01]} 9. Rc1 {[%emt 0:02:46]} b6 {[%emt 0:05:05]} 10. Bd3 {[%emt 0:08:53]} Nxc3 {[%emt 0:00:39]} 11. Rxc3 {[%emt 0:05:57]} Nd7 {[%emt 0:07:40]} 12. cxd5 {[%emt 0:01:27]} exd5 {[%emt 0:03:41]} 13. Qc2 {[%emt 0:17:48]} g6 {[%emt 0:04:24]} 14. b3 {[%emt 0:00:34]} cxd4 {[%emt 0:06:07]} 15. Nxd4 {[%emt 0:00:34]} Nc5 {[%emt 0:00:36]} 16. O-O {[%emt 0:01:39]} Ne6 {[%emt 0:00:56]} 17. Nc6 {[%emt 0:03:21]} Qf6 {[%emt 0:07:49]} 18. Nxa7 {[%emt 0:03:59]} Rxa7 {[%emt 0:00:55]} 19. Rxc8 {[%emt 0:00:02]} Rxa3 {[%emt 0:01:55]} 20. Rc6 {[%emt 0:01:03]} Rb8 {[%emt 0:02:16]} 21. b4 {[%emt 0:00:42]} Qe5 {[%emt 0:02:18]} 22. Rd1 {[%emt 0:07:06]} 1/2-1/2

[Event "Manhem Chess Week-GM 2019"]
[Site "Moelnlycke"]
[Date "2019.08.11"]
[Round "3.1"]
[White "Haubro, Martin"]
[Black "Golubka, Petro"]
[Result "0-1"]
[WhiteElo "2356"]
[BlackElo "2483"]
[Annotator "ChessBase"]
[PlyCount "60"]
[EventDate "2019.08.10"]
[EventType "tourn"]
[EventCountry "SWE"]
[SourceTitle "playchess.com"]
[Source "ChessBase"]
[SourceQuality "1"]
[TimeControl "40/5400+30:1800+30"]

1. e4 {[%emt 0:00:00]} c5 {[%emt 0:01:03]} 2. Nf3 {[%emt 0:00:00]} d6 {[%emt 0:00:03]} 3. d4 {[%emt 0:00:00]} cxd4 {[%emt 0:00:04]} 4. Nxd4 {[%emt 0:00:00]} Nf6 {[%emt 0:00:03]} 5. Nc3 {[%emt 0:00:00]} a6 {[%emt 0:00:42]} 6. f3 {[%emt 0:00:05]} e5 {[%emt 0:00:51]} 7. Nb3 {[%emt 0:00:05]} Be6 {[%emt 0:00:04]} 8. Be3 {[%emt 0:00:05]} Nbd7 {[%emt 0:00:24]} 9. Qd2 {[%emt 0:02:22]} h5 {[%emt 0:01:30]} 10. Nd5 {[%emt 0:01:11]} Bxd5 {[%emt 0:02:52]} 11. exd5 {[%emt 0:00:07]} Qc7 {[%emt 0:02:15]} 12. c4 {[%emt 0:02:50]} g6 {[%emt 0:00:54]} 13. Be2 {[%emt 0:01:54]} Bg7 {[%emt 0:05:37]} 14. O-O {[%emt 0:02:01]} O-O {[%emt 0:00:49]} 15. Rac1 {[%emt 0:00:49]} b6 {[%emt 0:05:25]} 16. h3 {[%emt 0:00:09]} Nc5 {[%emt 0:02:23]} 17. Na1 {[%emt 0:02:38]} a5 {[%emt 0:02:54]} 18. b3 {[%emt 0:01:57]} Qe7 {[%emt 0:07:40]} 19. Rb1 {[%emt 0:16:42]} Nh7 {[%emt 0:03:48]} 20. a3 {[%emt 0:00:29]} f5 {[%emt 0:03:35]} 21. b4 {[%emt 0:00:37]} axb4 {[%emt 0:00:58]} 22. axb4 {[%emt 0:00:07]} Na4 {[%emt 0:03:34]} 23. Rbc1 {[%emt 0:17:45]} f4 {[%emt 0:05:48]} 24. Bf2 {[%emt 0:00:06]} Ng5 {[%emt 0:00:28]} 25. h4 {[%emt 0:14:06]} e4 {[%emt 0:02:24]} 26. Qc2 {[%emt 0:01:24]} Nc3 {[%emt 0:06:03]} 27. Bd1 {[%emt 0:04:39]} Ra2 {[%emt 0:04:10]} 28. Qb3 {[%emt 0:00:05]} e3 {[%emt 0:05:13]} 29. Be1 {[%emt 0:02:25]} e2 {[%emt 0:02:21]} 30. hxg5 {[%emt 0:02:15]} Qe3+ {[%emt 0:00:38]} 0-1

[Event "Manhem Chess Week-GM 2019"]
[Site "Moelnlycke"]
[Date "2019.08.11"]
[Round "3.2"]
[White "Lindgren, Philip"]
[Black "Urkedal, Frode Olav Olsen"]
[Result "0-1"]
[WhiteElo "2362"]
[BlackElo "2566"]
[Annotator "ChessBase"]
[PlyCount "102"]
[EventDate "2019.08.10"]
[EventType "tourn"]
[EventCountry "SWE"]
[SourceTitle "playchess.com"]
[Source "ChessBase"]
[SourceQuality "1"]
[TimeControl "40/5400+30:1800+30"]

1. d4 {[%emt 0:00:00]} Nf6 {[%emt 0:00:00]} 2. c4 {[%emt 0:00:11]} e6 {[%emt 0:00:00]} 3. g3 {[%emt 0:00:30]} d5 {[%emt 0:00:00]} 4. Nf3 {[%emt 0:00:23]} Bb4+ {[%emt 0:00:09]} 5. Bd2 {[%emt 0:00:35]} Be7 {[%emt 0:00:07]} 6. Bg2 {[%emt 0:03:34]} O-O {[%emt 0:00:32]} 7. Qc2 {[%emt 0:00:36]} Nbd7 {[%emt 0:00:50]} 8. O-O {[%emt 0:01:12]} c6 {[%emt 0:00:20]} 9. Rd1 {[%emt 0:03:44]} b6 {[%emt 0:01:02]} 10. Bf4 {[%emt 0:01:25]} Ba6 {[%emt 0:00:06]} 11. b3 {[%emt 0:06:32]} Rc8 {[%emt 0:01:19]} 12. Nc3 {[%emt 0:08:45]} dxc4 {[%emt 0:09:27]} 13. e4 {[%emt 0:05:16]} Bb4 {[%emt 0:05:12]} 14. Bd2 {[%emt 0:08:27]} Re8 {[%emt 0:09:15]} 15. e5 {[%emt 0:08:48]} Bxc3 {[%emt 0:03:00]} 16. Bxc3 {[%emt 0:02:22]} Nd5 {[%emt 0:00:27]} 17. bxc4 {[%emt 0:04:12]} Bxc4 {[%emt 0:01:03]} 18. Bd2 {[%emt 0:02:35]} Be2 {[%emt 0:03:13]} 19. Ng5 {[%emt 0:00:58]} Nf8 {[%emt 0:13:50]} 20. Rdc1 {[%emt 0:01:14]} c5 {[%emt 0:03:57]} 21. dxc5 {[%emt 0:10:20]} Rxc5 {[%emt 0:01:28]} 22. Qb2 {[%emt 0:05:13]} Rb5 {[%emt 0:14:49]} 23. Qd4 {[%emt 0:03:24]} Ne7 {[%emt 0:09:49]} 24. Qf4 {[%emt 0:10:31]} Bh5 {[%emt 0:04:00]} 25. a4 {[%emt 0:03:13]} Rc5 {[%emt 0:02:01]} 26. Rxc5 {[%emt 0:05:26]} bxc5 {[%emt 0:00:14]} 27. Qe3 {[%emt 0:03:22]} Nf5 {[%emt 0:01:02]} 28. Qc3 {[%emt 0:00:25]} Nd4 {[%emt 0:00:27]} 29. Kh1 {[%emt 0:00:23]} Ne2 {[%emt 0:01:20]} 30. Qe3 {[%emt 0:00:42]} Qd4 {[%emt 0:02:47]} 31. Qxd4 {[%emt 0:00:24]} Nxd4 {[%emt 0:00:41]} 32. Rb1 {[%emt 0:00:46]} Rd8 {[%emt 0:00:16]} 33. Ne4 {[%emt 0:00:23]} Bg6 {[%emt 0:02:55]} 34. Be3 {[%emt 0:00:35]} Nd7 {[%emt 0:01:44]} 35. f4 {[%emt 0:00:22]} Nb6 {[%emt 0:00:06]} 36. Bf2 {[%emt 0:00:40]} Nxa4 {[%emt 0:00:40]} 37. Ra1 {[%emt 0:00:30]} Bxe4 {[%emt 0:01:35]} 38. Bxe4 {[%emt 0:00:19]} Nc3 {[%emt 0:00:09]} 39. Bb7 {[%emt 0:00:42]} Ncb5 {[%emt 0:01:41]} 40. Ba6 {[%emt 0:00:29]} Nb3 {[%emt 0:02:30]} 41. Ra2 {[%emt 0:08:08]} Nc3 {[%emt 0:06:42]} 42. Ra3 {[%emt 0:03:31]} Rb8 {[%emt 0:03:52]} 43. Bc4 {[%emt 0:02:26]} Ne4 {[%emt 0:00:23]} 44. Be3 {[%emt 0:05:48]} Nbd2 {[%emt 0:01:00]} 45. Ba2 {[%emt 0:01:38]} h5 {[%emt 0:02:20]} 46. f5 {[%emt 0:03:39]} c4 {[%emt 0:04:06]} 47. fxe6 {[%emt 0:01:58]} fxe6 {[%emt 0:00:02]} 48. Bd4 {[%emt 0:00:57]} Rd8 {[%emt 0:04:58]} 49. Bxa7 {[%emt 0:05:50]} Ra8 {[%emt 0:00:20]} 50. Bc5 {[%emt 0:00:54]} Rxa3 {[%emt 0:00:11]} 51. Bxa3 {[%emt 0:00:07]} Nc3 {[%emt 0:00:33]} 0-1

[Event "Manhem Chess Week-GM 2019"]
[Site "Moelnlycke"]
[Date "2019.08.11"]
[Round "3.3"]
[White "Ahlander, Bjorn"]
[Black "Blomqvist, Erik"]
[Result "1/2-1/2"]
[WhiteElo "2391"]
[BlackElo "2492"]
[Annotator "ChessBase"]
[PlyCount "86"]
[EventDate "2019.08.10"]
[EventType "tourn"]
[EventCountry "SWE"]
[SourceTitle "playchess.com"]
[Source "ChessBase"]
[SourceQuality "1"]
[TimeControl "40/5400+30:1800+30"]

1. d4 {[%emt 0:00:00]} Nf6 {[%emt 0:00:00]} 2. Nf3 {[%emt 0:00:00]} e6 {[%emt 0:02:46]} 3. g3 {[%emt 0:00:24]} b6 {[%emt 0:03:29]} 4. Bg2 {[%emt 0:00:21]} Bb7 {[%emt 0:00:15]} 5. O-O {[%emt 0:00:10]} c5 {[%emt 0:00:39]} 6. c3 {[%emt 0:07:59]} Be7 {[%emt 0:00:38]} 7. Bg5 {[%emt 0:01:12]} O-O {[%emt 0:01:05]} 8. Nbd2 {[%emt 0:00:24]} d5 {[%emt 0:06:53]} 9. Bxf6 {[%emt 0:22:07]} Bxf6 {[%emt 0:00:15]} 10. Re1 {[%emt 0:01:06]} Nd7 {[%emt 0:11:36]} 11. e4 {[%emt 0:01:56]} cxd4 {[%emt 0:00:53]} 12. cxd4 {[%emt 0:03:08]} dxe4 {[%emt 0:03:06]} 13. Nxe4 {[%emt 0:01:19]} Be7 {[%emt 0:03:39]} 14. Qd3 {[%emt 0:07:39]} Rc8 {[%emt 0:02:11]} 15. a3 {[%emt 0:10:32]} Rc7 {[%emt 0:04:58]} 16. Nc3 {[%emt 0:06:55]} Qb8 {[%emt 0:07:58]} 17. h4 {[%emt 0:08:52]} Rd8 {[%emt 0:05:37]} 18. Ng5 {[%emt 0:01:07]} Nf6 {[%emt 0:06:51]} 19. Bh3 {[%emt 0:00:28]} Bd5 {[%emt 0:15:48]} 20. Nxd5 {[%emt 0:01:20]} exd5 {[%emt 0:00:04]} 21. Re3 {[%emt 0:02:10]} Bf8 {[%emt 0:09:15]} 22. Rae1 {[%emt 0:03:57]} g6 {[%emt 0:01:52]} 23. R3e2 {[%emt 0:04:32]} Bh6 {[%emt 0:03:31]} 24. Bg2 {[%emt 0:02:01]} Qc8 {[%emt 0:01:23]} 25. Bh3 {[%emt 0:00:41]} Qb7 {[%emt 0:01:21]} 26. Qf3 {[%emt 0:01:10]} Ne4 {[%emt 0:03:49]} 27. Nxe4 {[%emt 0:04:06]} dxe4 {[%emt 0:00:04]} 28. Rxe4 {[%emt 0:03:27]} Rxd4 {[%emt 0:02:21]} 29. Re8+ {[%emt 0:00:18]} Kg7 {[%emt 0:00:17]} 30. Qe2 {[%emt 0:01:35]} Qd5 {[%emt 0:00:19]} 31. Rb8 {[%emt 0:01:13]} Rc1 {[%emt 0:01:32]} 32. Rxc1 {[%emt 0:01:26]} Bxc1 {[%emt 0:00:04]} 33. Bg2 {[%emt 0:00:43]} Qd6 {[%emt 0:01:23]} 34. Rb7 {[%emt 0:01:25]} Rd1+ {[%emt 0:00:35]} 35. Kh2 {[%emt 0:00:09]} Rd2 {[%emt 0:00:28]} 36. Qf3 {[%emt 0:01:20]} Qf6 {[%emt 0:00:24]} 37. Qxf6+ {[%emt 0:00:38]} Kxf6 {[%emt 0:00:02]} 38. Rxa7 {[%emt 0:00:33]} Bxb2 {[%emt 0:01:07]} 39. f4 {[%emt 0:00:25]} Bd4 {[%emt 0:00:18]} 40. Rc7 {[%emt 0:00:39]} Bc5 {[%emt 0:00:14]} 41. a4 {[%emt 0:30:29]} h5 {[%emt 0:07:07]} 42. a5 {[%emt 0:00:00]} Bd6 {[%emt 0:02:32]} 43. Ra7 {[%emt 0:00:00]} bxa5 {[%emt 0:00:17]} 1/2-1/2

[Event "Manhem Chess Week-GM 2019"]
[Site "Moelnlycke"]
[Date "2019.08.11"]
[Round "3.5"]
[White "Wiedenkeller, Michael"]
[Black "Hector, Jonny"]
[Result "1/2-1/2"]
[WhiteElo "2461"]
[BlackElo "2487"]
[Annotator "ChessBase"]
[PlyCount "109"]
[EventDate "2019.08.10"]
[EventType "tourn"]
[EventCountry "SWE"]
[SourceTitle "playchess.com"]
[Source "ChessBase"]
[SourceQuality "1"]
[TimeControl "40/5400+30:1800+30"]

1. d4 {[%emt 0:00:00]} d5 {[%emt 0:00:00]} 2. c4 {[%emt 0:00:22]} c6 {[%emt 0:00:00]} 3. cxd5 {[%emt 0:00:26]} cxd5 {[%emt 0:00:00]} 4. Bf4 {[%emt 0:00:26]} Nc6 {[%emt 0:00:02]} 5. e3 {[%emt 0:00:17]} Nf6 {[%emt 0:00:31]} 6. Nc3 {[%emt 0:00:17]} Bf5 {[%emt 0:00:48]} 7. Qb3 {[%emt 0:01:54]} Na5 {[%emt 0:00:16]} 8. Qa4+ {[%emt 0:00:21]} Bd7 {[%emt 0:00:16]} 9. Qc2 {[%emt 0:00:22]} e6 {[%emt 0:00:34]} 10. Nf3 {[%emt 0:03:34]} Rc8 {[%emt 0:05:49]} 11. Bd3 {[%emt 0:03:31]} Nc6 {[%emt 0:00:44]} 12. a3 {[%emt 0:01:39]} Be7 {[%emt 0:03:13]} 13. h3 {[%emt 0:00:52]} Nh5 {[%emt 0:04:31]} 14. Bh2 {[%emt 0:03:17]} g6 {[%emt 0:01:29]} 15. Ne5 {[%emt 0:11:28]} Nxe5 {[%emt 0:04:22]} 16. Bxe5 {[%emt 0:00:22]} f6 {[%emt 0:00:58]} 17. Bh2 {[%emt 0:00:38]} O-O {[%emt 0:06:10]} 18. O-O {[%emt 0:02:54]} f5 {[%emt 0:03:56]} 19. Qb3 {[%emt 0:08:36]} Bc6 {[%emt 0:01:54]} 20. Be2 {[%emt 0:01:00]} Nf6 {[%emt 0:01:09]} 21. f3 {[%emt 0:03:37]} Bd6 {[%emt 0:02:27]} 22. Be5 {[%emt 0:10:05]} Bxe5 {[%emt 0:05:12]} 23. dxe5 {[%emt 0:00:06]} Nd7 {[%emt 0:00:28]} 24. f4 {[%emt 0:02:42]} g5 {[%emt 0:09:18]} 25. Qb4 {[%emt 0:04:01]} Rf7 {[%emt 0:05:51]} 26. Qd6 {[%emt 0:05:44]} gxf4 {[%emt 0:02:59]} 27. Bh5 {[%emt 0:02:53]} Re7 {[%emt 0:01:25]} 28. exf4 {[%emt 0:02:33]} Nb6 {[%emt 0:03:34]} 29. Ne2 {[%emt 0:06:07]} Bd7 {[%emt 0:13:54]} 30. b3 {[%emt 0:06:20]} a5 {[%emt 0:12:17]} 31. Nd4 {[%emt 0:04:49]} a4 {[%emt 0:01:39]} 32. Rab1 {[%emt 0:03:46]} axb3 {[%emt 0:01:47]} 33. Rxb3 {[%emt 0:00:06]} Nc4 {[%emt 0:00:11]} 34. Rg3+ {[%emt 0:00:24]} Kh8 {[%emt 0:02:35]} 35. Qb4 {[%emt 0:00:01]} b5 {[%emt 0:01:09]} 36. Nxb5 {[%emt 0:02:53]} Rb8 {[%emt 0:01:24]} 37. a4 {[%emt 0:00:16]} Bxb5 {[%emt 0:00:08]} 38. axb5 {[%emt 0:00:14]} Reb7 {[%emt 0:00:43]} 39. Rb3 {[%emt 0:02:38]} Qb6+ {[%emt 0:01:15]} 40. Kh2 {[%emt 0:01:23]} Qxb5 {[%emt 0:01:34]} 41. Qxb5 {[%emt 0:31:20]} Rxb5 {[%emt 0:30:03]} 42. Rxb5 {[%emt 0:01:58]} Rxb5 {[%emt 0:00:40]} 43. Be2 {[%emt 0:01:28]} Rb4 {[%emt 0:02:45]} 44. Bxc4 {[%emt 0:00:00]} dxc4 {[%emt 0:00:00]} 45. Rc1 {[%emt 0:00:00]} Kg7 {[%emt 0:00:00]} 46. g4 {[%emt 0:00:00]} Kg6 {[%emt 0:00:00]} 47. Kg3 {[%emt 0:00:00]} Rb3+ {[%emt 0:00:00]} 48. Kh4 {[%emt 0:00:00]} c3 {[%emt 0:00:00]} 49. Rc2 {[%emt 0:00:00]} h5 {[%emt 0:00:00]} 50. Kg3 {[%emt 0:00:00]} Ra3 {[%emt 0:00:00]} 51. g5 {[%emt 0:00:00]} Kg7 {[%emt 0:00:00]} 52. h4 {[%emt 0:00:00]} Kg6 {[%emt 0:00:00]} 53. Kf3 {[%emt 0:00:00]} Kg7 {[%emt 0:00:00]} 54. Ke3 {[%emt 0:00:00]} Kf7 {[%emt 0:00:00]} 55. Kf3 {[%emt 0:01:25]} 1/2-1/2

[Event "Manhem Chess Week-GM 2019"]
[Site "Moelnlycke"]
[Date "2019.08.12"]
[Round "4.1"]
[White "Seo, Jung Min"]
[Black "Ahlander, Bjorn"]
[Result "1-0"]
[WhiteElo "2399"]
[BlackElo "2391"]
[Annotator "TA"]
[PlyCount "81"]
[EventDate "2019.08.10"]
[EventType "tourn"]
[EventCountry "SWE"]
[SourceTitle "playchess.com"]
[Source "ChessBase"]
[SourceQuality "1"]

{[%evp 21,81,-17,0,0,0,-6,-6,-5,8,-5,4,0,41,27,54,62,66,29,78,21,147,147,152,150,198,183,235,228,227,225,243,235,234,236,480,478,466,260,259,243,320,314,302,284,450,459,542,424,431,438,431,393,858,855,846,838,838,837,789,701,1237,1187]} 1. e4 c5 2. Nc3 Nc6 3. d3 e6 4. g3 g6 5. Bg2 Bg7 6. Nge2 Nge7 7. O-O d6 8. Be3 Nd4 9. Qd2 O-O 10. Nd1 Rb8 11. Nc1 b5 12. c3 {B26: Closed Sicilian: 3 g3, lines with early Be3} Ndc6 13. d4 (13. Bh6 d5 14. Bxg7 Kxg7 15. exd5 Nxd5 16. Ne3 Nde7 17. a4 a6 18. axb5 axb5 19. Nb3 Qd6 {½-½ (62) Hera,I (2609)-Demuth,A (2527) Bad Ragaz 2017}) 13... cxd4 14. cxd4 {The position is equal.} Qa5 $146 ({Predecessor:} 14... d5 15. e5 Nf5 16. Nc3 Bd7 17. N3e2 b4 18. Bg5 f6 19. exf6 Bxf6 20. Bxf6 Qxf6 {1-0 (50) Swati,G (2279)-Lasya,G (1955) Bhayandar 2015}) 15. Nc3 b4 16. N3e2 Ba6 17. Nb3 $36 {[%mdl 2048] White is pushing.} Qc7 18. Rfc1 Qd7 19. f4 Rfc8 20. Bf2 (20. d5 $16 Nd8 21. dxe6 Nxe6 22. Rxc8+ Rxc8 23. Ned4) 20... Bb5 (20... Na5 $11 {remains equal.}) 21. d5 $16 Nd8 22. Ned4 {[%cal Be2d4,Bd4b3,Bb3c5][%mdl 32]} Ba4 23. Rxc8 Qxc8 (23... Nxc8 {was called for.} 24. Rc1 Bxb3) 24. Rc1 $18 Qd7 25. Na5 e5 26. fxe5 dxe5 27. Ndb3 Nc8 $2 (27... Bxb3 28. Nxb3 f6) 28. Nc5 Qb5 {[#]} 29. Nc4 (29. Nc6 $142 $1 {[%mdl 512]} Nxc6 30. dxc6 Qxc6 31. Nxa4 {[%mdl 64] Discovered Attack}) 29... Nb7 30. Nd3 {Threatens to win with b3.} b3 31. axb3 (31. Ncxe5 Ncd6 $18) 31... Qxb3 32. Ncxe5 ({Much less strong is} 32. Ndxe5 $6 Ncd6 $16) 32... Ncd6 (32... Nbd6 $142 33. Nc5 Qxb2 34. Qxb2 Rxb2 35. Nxa4 Rxf2 36. Kxf2 Bxe5) 33. Nc6 Re8 34. e5 Nc4 35. Qe2 Nxe5 36. Ndxe5 ({Don't play} 36. Ncxe5 Nd6 $18) 36... f6 $2 (36... Nd6 37. Rc3 (37. Bxa7 Bxc6 38. dxc6 Bxe5 $18) 37... Qb5 38. Qxb5 Bxb5) 37. Nd4 {White is clearly winning.} Qa2 38. Qc4 Qxc4 39. Nxc4 Rc8 40. Nc6 {[#] And now Ne7+ would win.} Kf7 41. Ra1 {Accuracy: White = 69%, Black = 32%.} 1-0

[Event "Manhem Chess Week-GM 2019"]
[Site "Moelnlycke"]
[Date "2019.08.12"]
[Round "4.2"]
[White "Golubka, Petro"]
[Black "Blomqvist, Erik"]
[Result "0-1"]
[WhiteElo "2483"]
[BlackElo "2492"]
[Annotator "TA"]
[PlyCount "38"]
[EventDate "2019.08.10"]
[EventType "tourn"]
[EventCountry "SWE"]
[SourceTitle "playchess.com"]
[Source "ChessBase"]
[SourceQuality "1"]

{[%evp 12,38,8,0,-2,-9,12,22,15,-18,-10,-18,-17,-21,-21,-6,-8,-23,-20,-25,-34,-40,-47,-45,13,-28,0,-818,-823]} 1. e4 c5 2. Nf3 e6 3. Nc3 a6 4. d4 cxd4 5. Nxd4 b5 {[%cal Bb7b5,Bb5b4][%mdl 32]} 6. Be3 Bb7 7. f3 Nf6 {B43: Sicilian: Kan Variation: 5 Nc3} (7... Ne7 8. Qd2 Nec6 9. Nb3 d6 10. a4 b4 11. Na2 Qh4+ 12. Bf2 Qf6 13. Nxb4 Qxb2 14. Nd3 Qf6 15. Rb1 {1-0 (47) Firman,N (2517)-Markowski,T (2573) Dresden 2007}) 8. Qd2 b4 9. Na4 d5 {The position is equal.} 10. exd5 $146 ({Predecessor:} 10. e5 Nfd7 11. f4 Nc6 12. Nb3 Be7 13. Be2 O-O 14. O-O Rc8 15. Nac5 Nxc5 16. Nxc5 {½-½ (100) Sivuk,V (2448)-Itkis,B (2436) Kishinev 2010}) 10... Nxd5 11. Bc4 Nd7 12. O-O-O Be7 13. Nf5 {[%cal Rc4d5]} O-O 14. Nxe7+ Qxe7 15. Bd4 Rfc8 16. Bb3 Bc6 17. Rhe1 Qd8 (17... Bxa4 $15 18. Bxa4 Nc5 19. Bxc5 Rxc5) 18. Kb1 (18. Bxd5 $5 Bxd5 19. Kb1 $11) 18... Qa5 19. Qg5 $2 {[%mdl 8192] [#]} (19. c4 $11 bxc3 20. Nxc3) 19... Nc3+ $1 {[%mdl 576] Discovered Attack. Accuracy: White = 53%, Black = 62%.} 0-1

[Event "Manhem Chess Week-GM 2019"]
[Site "Moelnlycke"]
[Date "2019.08.12"]
[Round "4.3"]
[White "Urkedal, Frode Olav Olsen"]
[Black "Vypkhaniuk, Ihor"]
[Result "1-0"]
[WhiteElo "2566"]
[BlackElo "2402"]
[Annotator "TA"]
[PlyCount "51"]
[EventDate "2019.08.10"]
[EventType "tourn"]
[EventCountry "SWE"]
[SourceTitle "playchess.com"]
[Source "ChessBase"]
[SourceQuality "1"]

{[%evp 13,51,50,73,108,106,116,109,113,114,119,126,115,116,122,122,105,156,149,299,329,423,405,520,477,466,460,570,566,712,614,585,538,544,543,529,507,1193,1179,29990,29991]} 1. d4 Nf6 2. c4 e6 3. Nf3 c5 4. d5 b5 5. dxe6 fxe6 6. cxb5 d5 7. Nc3 Bb7 {[#]} 8. e4 $1 {E10: Blumenfeld Gambit} d4 9. e5 (9. Na4 Bxe4 10. Bc4 Bd5 11. Bxd5 Qxd5 12. O-O Nbd7 13. Re1 Bd6 14. b4 cxb4 15. Nxd4 Kf7 16. Nxe6 {½-½ (63) Sakaev,K (2633)-Alekseev,E (2679) Kirishi 2007}) 9... Nfd7 {[#]} 10. Ne2 $1 {White is better.} Bxf3 11. gxf3 Nxe5 {[%cal Re5f3]} 12. Bg2 {aiming for f4.} Nbd7 $146 ({Predecessor:} 12... Qa5+ 13. Bd2 Qxb5 14. f4 Nec6 15. O-O Nd7 {1-0 (24) Ryskulov,V (2106)-Cuccumini,V (2157) ICCF email 2013}) 13. f4 {[%mdl 64] Discovered Attack} Ng6 14. Qb3 {And now Bc6 would win.} Rb8 (14... Rc8 $142) 15. Qxe6+ Be7 (15... Qe7 $16 {was worth a try.} 16. f5 Qxe6 17. fxe6 Nf6) 16. Bc6 $18 Rf8 17. f5 Nh4 18. Ng3 Rb6 19. Kd1 Rxc6 20. bxc6 Nf6 21. Bf4 {Hoping for c7.} Nd5 {[#]} 22. c7 $1 {[%mdl 64] Decoy} Nxc7 23. Qc6+ Qd7 24. Qxc7 Qb5 {[#]} (24... Qxc7 $142 25. Bxc7 Kd7) 25. Re1 $1 {[%csl Gc7][%cal Re1e7]} Qd3+ 26. Bd2 {Accuracy: White = 85%, Black = 42%.} 1-0